Strategic alliances and partnerships in logistics

Bibliographic Details
Corporate Author: ProQuest (Firm)
Other Authors: Lynch, Clifford F.
Format: Electronic eBook
Language:English
Published: Bradford, England : Emerald Group Publishing, c2002.
Series:International journal of physical distribution & logistics management ; v.32, no. 8
Subjects:
Online Access:Click to View
LEADER 01248nam a2200325Ia 4500
001 EBC232280
003 MiAaPQ
005 20200520144314.0
006 m o d |
007 cr cn|||||||||
008 000815s2002 enk s 000 0 eng d
020 |z 0861767691 
035 |a (MiAaPQ)EBC232280 
035 |a (Au-PeEL)EBL232280 
035 |a (CaPaEBR)ebr10052623 
035 |a (CaONFJC)MIL47903 
035 |a (OCoLC)133167363 
040 |a MiAaPQ  |c MiAaPQ  |d MiAaPQ 
050 4 |a HD38.5  |b .S87 2002 
245 0 0 |a Strategic alliances and partnerships in logistics  |h [electronic resource] /  |c guest editor Clifford F. Lynch. 
260 |a Bradford, England :  |b Emerald Group Publishing,  |c c2002. 
300 |a 98 p. 
490 0 |a International journal of physical distribution & logistics management ;  |v v.32, no. 8 
533 |a Electronic reproduction. Ann Arbor, MI : ProQuest, 2015. Available via World Wide Web. Access may be limited to ProQuest affiliated libraries. 
650 0 |a Business logistics. 
650 0 |a Physical distribution of goods. 
655 4 |a Electronic books. 
700 1 |a Lynch, Clifford F. 
710 2 |a ProQuest (Firm) 
856 4 0 |u https://ebookcentral.proquest.com/lib/matrademy/detail.action?docID=232280  |z Click to View